000 00526nam a2200217Ia 4500
003 0100
008 130303s9999 xx 000 0 und d
020 _a0333105974
040 _cARRUPELIB
050 _aBJ21.H8 1969
100 _aHudson, W.D
245 4 _aThe Is - Ought question
245 _ba collection of papers on the central problem in moral philosophy
260 _aLondon
260 _bMacmillan Press Ltd
260 _C1969
300 _a271p.
300 _b 23cm.
650 _aETHICS
942 0 0 _02
999 _c34708
_d34708